| 000 | 00506pab a2200181 454500 | ||
|---|---|---|---|
| 008 | 180718b2015 xxu||||| |||| 00| 0 eng d | ||
| 100 | _aGoodman, Doug | ||
| 245 | _aDeterminants of local government workforce planning | ||
| 260 | _c2015 | ||
| 300 | _ap.135-152. | ||
| 362 | _aMar | ||
| 650 | _aHuman resources development | ||
| 650 | _aLocal government | ||
| 700 | _aBattaglio, R. Paul, Jr. | ||
| 700 | _aFrench, P. Edward | ||
| 773 | _aAmerican Review of Public Administration | ||
| 909 | _a108362 | ||
| 999 |
_c108357 _d108357 |
||